Cuốn sách và tôi Vương Hồng Sển
Với " Cuốn sách và tôi " , tác giả không chỉ dâng hiến sự hiểu biết của mình về nhiều mặt của đời sống , mà còn mang theo những hương xưa độc đáo , tràn trề xúc cảm qua từng trang viết , văn chương của ông giản dị , tự nhiên mà...
Saved in:
| Main Author: | |
|---|---|
| Format: | Book |
| Language: | Undetermined |
| Published: |
Thành phố Hồ Chí Minh
Trẻ
2010
|
| Subjects: | |
| Tags: |
Add Tag
No Tags, Be the first to tag this record!
|
| Institutions: | Trung tâm Học liệu Trường Đại học Cần Thơ |
|---|
| LEADER | 01034nam a2200205Ia 4500 | ||
|---|---|---|---|
| 001 | CTU_154649 | ||
| 008 | 210402s9999 xx 000 0 und d | ||
| 020 | |c 80000 | ||
| 082 | |a 895.922 | ||
| 082 | |b S56 | ||
| 100 | |a Vương, Hồng Sển | ||
| 245 | 0 | |a Cuốn sách và tôi | |
| 245 | 0 | |b Vương Hồng Sển | |
| 260 | |a Thành phố Hồ Chí Minh | ||
| 260 | |b Trẻ | ||
| 260 | |c 2010 | ||
| 520 | |a Với " Cuốn sách và tôi " , tác giả không chỉ dâng hiến sự hiểu biết của mình về nhiều mặt của đời sống , mà còn mang theo những hương xưa độc đáo , tràn trề xúc cảm qua từng trang viết , văn chương của ông giản dị , tự nhiên mà lôi cuốn vô cùng , một lối hành văn duyên dáng lạ lùng và luôn luôn gây bất ngờ | ||
| 650 | |a Book and art | ||
| 904 | |i Diễm Châu | ||
| 980 | |a Trung tâm Học liệu Trường Đại học Cần Thơ | ||